[Event "FIDE World Uni Blitz-A 1st"]
[Site "Tornelo INT"]
[Date "2021.03.13"]
[Round "8.46"]
[White "Grataloup, Quentin"]
[Black "Printzios, Lampros"]
[Result "1-0"]
[WhiteElo "1933"]
[BlackElo "1296"]
[PlyCount "121"]
[EventDate "2021.03.13"]
[EventType "swiss (blitz)"]
[EventRounds "10"]
[EventCountry "NET"]
[SourceTitle "EXT 2022"]
[Source "ChessBase"]
[SourceDate "2021.10.06"]
[SourceVersion "1"]
[SourceVersionDate "2021.10.06"]
[SourceQuality "1"]

1. e4 d6 2. d4 Nf6 3. Nc3 g6 4. Bg5 Bg7 5. e5 dxe5 6. dxe5 Qxd1+ 7. Rxd1 0-0 8. exf6 exf6 9. Be3 c6 10. Nf3 Be6 11. Bd3 Nd7 12. 0-0 Ne5 13. Nxe5 fxe5 14. b3 f5 15. Ne2 b5 16. Bc5 e4 17. Bxf8 exd3 18. Rxd3 Kxf8 19. Nd4 Bd5 20. Re1 Be4 21. Rdd1 Kf7 22. f3 Bd5 23. c4 bxc4 24. bxc4 Bxd4+ 25. Rxd4 Be6 26. Rd6 Bxc4 27. Rxc6 Bxa2 28. Rc7+ Kf6 29. Ree7 a5 30. Rxh7 a4 31. Ra7 Rxa7 32. Rxa7 Bb3 33. f4 Ke6 34. Kf2 Kd5 35. Kg3 Kc4 36. Kh4 Kb4 37. Kg5 a3 38. Rxa3 Kxa3 39. Kxg6 Kb4 40. Kxf5 Kc5 41. h4 Kd6 42. Kf6 Kd7 43. h5 Ke8 44. Kg7 Ke7 45. h6 Bc2 46. h7 Bxh7 47. Kxh7 Kf6 48. g4 Kf7 49. g5 Kf8 50. g6 Ke7 51. g7 Kf6 52. g8Q Kf5 53. Qg6+ Kxf4 54. Qe6 Kg5 55. Kg7 Kh5 56. Qf5+ Kh4 57. Qg6 Kh3 58. Kf6 Kh4 59. Kf5 Kh3 60. Kf4 Kh4 61. Qg4# 1-0

[Event "GRE-ch U16"]
[Site "Porto Rio"]
[Date "2016.07.01"]
[Round "5"]
[White "Salifoglou, Ioannis"]
[Black "Printzios, Lampros"]
[Result "1-0"]
[WhiteElo "1619"]
[BlackElo "1196"]
[PlyCount "95"]
[EventDate "2016.06.28"]
[EventType "swiss"]
[EventRounds "9"]
[EventCountry "GRE"]
[SourceTitle "CBM 173 Extra"]
[Source "ChessBase"]
[SourceDate "2016.08.29"]
[SourceVersion "1"]
[SourceVersionDate "2016.08.29"]
[SourceQuality "1"]

1. e4 c5 2. Nf3 Nc6 3. d4 cxd4 4. Nxd4 g6 5. c4 Bg7 6. Be3 Nf6 7. Nc3 d6 8. Be2 0-0 9. 0-0 a6 10. Qd2 Ng4 11. Bxg4 Bxg4 12. f3 Bd7 13. Rac1 Rc8 14. b3 e5 15. Nde2 Be6 16. Rfd1 Qd7 17. Qxd6 Qxd6 18. Rxd6 Rfd8 19. Rxd8+ Rxd8 20. Nd5 f5 21. Nec3 Nd4 22. Rd1 Bxd5 23. Nxd5 f4 24. Bxd4 exd4 25. Nxf4 Be5 26. Nd5 Kf7 27. f4 Bg7 28. Kf1 g5 29. g3 Ke6 30. Ke2 Bh8 31. Kf3 h6 32. e5 gxf4 33. gxf4 Rf8 34. Ke4 Rg8 35. Rd2 Rg4 36. Kf3 h5 37. Rxd4 Bxe5 38. Re4 Kf7 39. fxe5 Rxe4 40. Kxe4 Ke6 41. Nf4+ Ke7 42. Kf5 h4 43. Ng6+ Kf7 44. e6+ Ke8 45. Kf6 h3 46. e7 b5 47. Ke6 bxc4 48. Nf4 1-0